[Event "29. Cullera 2012 - Open A"]
[Site "Cullera ESP"]
[Date "2012.08.25"]
[Round "1.1"]
[White "Machin Arbelo, Pedro Alexis"]
[Black "Gallardo Garcia, Andres"]
[Result "1-0"]
[WhiteElo "2084"]
[BlackElo "2339"]
[PlyCount "53"]
[EventDate "2012.08.25"]
[EventType "swiss"]
[EventRounds "9"]
[EventCountry "ESP"]
[Source "lmi"]
[SourceDate "2012.08.25"]

1. e4 c5 2. Nf3 g6 3. c3 Bg7 4. Bc4 e6 5. O-O Ne7 6. d4 cxd4 7. cxd4 d5 8. Bd3
Nbc6 9. e5 O-O 10. Nc3 f6 11. Re1 fxe5 12. dxe5 Qb6 13. Na4 Qc7 14. Bg5 Nf5 15.
Rc1 h6 16. Bf6 Qf7 17. Bxf5 gxf5 18. Bxg7 Qxg7 19. Rc3 Kh7 20. Nc5 Rg8 21. g3
d4 22. Nxd4 Rd8 23. Ncb3 Nxd4 24. Nxd4 Qd7 25. Rd3 b6 26. Nxe6 Qxd3 27. Nxd8
1-0

[Event "29. Cullera 2012 - Open A"]
[Site "Cullera ESP"]
[Date "2012.08.25"]
[Round "1.2"]
[White "Castella Garcia, Fausto"]
[Black "Mengual Bolo, Carles"]
[Result "1-0"]
[WhiteElo "2329"]
[BlackElo "2078"]
[PlyCount "65"]
[EventDate "2012.08.25"]
[EventType "swiss"]
[EventRounds "9"]
[EventCountry "ESP"]
[Source "lmi"]
[SourceDate "2012.08.25"]

1. e4 c5 2. Nf3 d6 3. d4 cxd4 4. Nxd4 Nf6 5. Nc3 g6 6. Be3 Bg7 7. f3 O-O 8. Qd2
Nc6 9. Bc4 Bd7 10. h4 Na5 11. Bb3 Nxb3 12. axb3 Re8 13. h5 e6 14. hxg6 fxg6 15.
g4 Bc6 16. O-O-O d5 17. e5 Nd7 18. Qh2 Nf8 19. Bh6 Bxh6+ 20. Qxh6 Qc7 21. f4
Qg7 22. Qh2 Rac8 23. Rde1 Rc7 24. f5 gxf5 25. gxf5 exf5 26. Reg1 Ng6 27. Nxf5
Qd7 28. Nh6+ Kh8 29. Rxg6 hxg6 30. Nf7+ Kg7 31. Qh6+ Kxf7 32. Qh7+ Kf8 33. Rf1+
1-0

[Event "29. Cullera 2012 - Open A"]
[Site "Cullera ESP"]
[Date "2012.08.25"]
[Round "1.3"]
[White "Garcia Munoz, Raul"]
[Black "Jimenez Martinez, Jose Vicente"]
[Result "1-0"]
[WhiteElo "2072"]
[BlackElo "2285"]
[PlyCount "75"]
[EventDate "2012.08.25"]
[EventType "swiss"]
[EventRounds "9"]
[EventCountry "ESP"]
[Source "lmi"]
[SourceDate "2012.08.25"]

1. d4 g6 2. c4 Bg7 3. Nc3 d6 4. e4 Nf6 5. f4 O-O 6. Nf3 c5 7. d5 e6 8. dxe6
fxe6 9. Bd3 Nc6 10. O-O Nd4 11. Nxd4 cxd4 12. Nb5 Kh8 13. Nxd4 Qb6 14. Be3 Ng4
15. Qxg4 Bxd4 16. Bf2 Qxb2 17. Rad1 e5 18. f5 Bxf2+ 19. Rxf2 Qd4 20. Qe2 Qc5
21. Kh1 Bd7 22. Rdf1 Kg7 23. f6+ Kf7 24. Qd2 Rh8 25. Qh6 Rag8 26. Rd2 Be6 27.
Be2 Qc6 28. Bf3 Bxc4 29. Rfd1 d5 30. exd5 Qxf6 31. Bg4 Rf8 32. Be6+ Ke7 33. h3
g5 34. Qh5 e4 35. Qg4 Qf4 36. d6+ Kd8 37. Qxf4 Rxf4 38. Bxc4 1-0

[Event "29. Cullera 2012 - Open A"]
[Site "Cullera ESP"]
[Date "2012.08.25"]
[Round "1.4"]
[White "Torres Sanchez, Jose"]
[Black "Marquez Ortiz De Zarate, Albert"]
[Result "1-0"]
[WhiteElo "2278"]
[BlackElo "2065"]
[PlyCount "117"]
[EventDate "2012.08.25"]
[EventType "swiss"]
[EventRounds "9"]
[EventCountry "ESP"]
[Source "lmi"]
[SourceDate "2012.08.25"]

1. e4 e6 2. d4 d5 3. Nc3 Nf6 4. e5 Nfd7 5. f4 c5 6. Nf3 Nc6 7. Be3 Be7 8. Qd2
O-O 9. O-O-O c4 10. f5 Bb4 11. f6 Qa5 12. Bh6 Bxc3 13. bxc3 Qa3+ 14. Kb1 Nb4
15. cxb4 c3 16. Qc1 Qxb4+ 17. Ka1 gxh6 18. Qb1 Qxb1+ 19. Rxb1 Nb6 20. Rb3 Bd7
21. Rxc3 Rfc8 22. Rxc8+ Rxc8 23. Bd3 Na4 24. Nd2 Nc3 25. Nb3 Bb5 26. Bxb5 Nxb5
27. Kb2 Rc4 28. Rd1 b6 29. Rd3 a5 30. c3 Kf8 31. Nd2 Ra4 32. Rg3 Na3 33. Rg7 b5
34. Rxh7 Kg8 35. Rxh6 b4 36. cxb4 axb4 37. Kb3 Ra8 38. Rh4 Nb5 39. Kxb4 Rxa2
40. Rg4+ Kf8 41. Nb3 Na3 42. Nc5 Nc4 43. Rh4 Kg8 44. Rg4+ Kf8 45. Kb5 Ne3 46.
Rh4 Kg8 47. g3 Ra1 48. Nb7 Rc1 49. Nd6 Rc7 50. Rf4 Rc2 51. Rf3 Re2 52. Kc6 Nc2
53. Rf4 Rd2 54. Rg4+ Kf8 55. Rg7 Nxd4+ 56. Kd7 Rxh2 57. Rxf7+ Kg8 58. Ke8 Nf3
59. Rg7+ 1-0

[Event "29. Cullera 2012 - Open A"]
[Site "Cullera ESP"]
[Date "2012.08.25"]
[Round "1.5"]
[White "Martin, Axel"]
[Black "Pena Riasco, Alexander"]
[Result "1/2-1/2"]
[WhiteElo "2065"]
[BlackElo "2237"]
[PlyCount "44"]
[EventDate "2012.08.25"]
[EventType "swiss"]
[EventRounds "9"]
[EventCountry "ESP"]
[Source "lmi"]
[SourceDate "2012.08.25"]

1. e4 d5 2. exd5 Qxd5 3. Nc3 Qa5 4. Bc4 Nf6 5. h3 c6 6. d3 Bf5 7. Qe2 e6 8. g4
Bg6 9. f4 Be7 10. Bd2 Qc7 11. Nf3 Nbd7 12. O-O-O Nb6 13. Bb3 O-O-O 14. Ne5 Nfd7
15. Nxg6 hxg6 16. f5 gxf5 17. gxf5 Nc5 18. fxe6 Nxb3+ 19. axb3 fxe6 20. Qxe6+
Qd7 21. Qxd7+ Rxd7 22. Ne4 Nd5 1/2-1/2

[Event "29. Cullera 2012 - Open A"]
[Site "Cullera ESP"]
[Date "2012.08.25"]
[Round "1.6"]
[White "Montalban Galvez, Antoni"]
[Black "Nicolas Zapata, Javier"]
[Result "1-0"]
[WhiteElo "2204"]
[BlackElo "2043"]
[PlyCount "118"]
[EventDate "2012.08.25"]
[EventType "swiss"]
[EventRounds "9"]
[EventCountry "ESP"]
[Source "lmi"]
[SourceDate "2012.08.25"]

1. Nf3 Nf6 2. c4 g6 3. g3 Bg7 4. Bg2 O-O 5. O-O c6 6. d4 d5 7. cxd5 cxd5 8. Nc3
Ne4 9. Nxe4 dxe4 10. Ne5 Nd7 11. Nxd7 Bxd7 12. Bxe4 Bh3 13. Bxb7 Bxf1 14. Bxa8
Bxe2 15. Qxe2 Qxa8 16. Be3 Qd5 17. b3 Bxd4 18. Bxd4 Qxd4 19. Rd1 Qc5 20. Rd7
Qc1+ 21. Qd1 Qa3 22. Qd2 Rc8 23. h4 h5 24. Kg2 Qc5 25. b4 Qc6+ 26. Kg1 Qe4 27.
Rxa7 Rc2 28. Rxe7 Qxe7 29. Qxc2 Qxb4 30. a4 Kg7 31. Qc6 Kh6 32. Qa8 Kg7 33. a5
g5 34. hxg5 h4 35. gxh4 Qxh4 36. Qd5 Qg4+ 37. Kf1 Qh3+ 38. Ke2 Qg4+ 39. Ke3
Qh3+ 40. Kd4 Qg4+ 41. Kc5 Qc8+ 42. Kb5 Qe8+ 43. Kc5 Qc8+ 44. Kb4 Qb8+ 45. Kc3
Qc8+ 46. Kb2 Qe8 47. Qc5 Kg8 48. Ka3 Qe4 49. Qc8+ Kg7 50. a6 Qd3+ 51. Ka4 Qd4+
52. Kb5 Qb2+ 53. Kc6 Qc3+ 54. Kd7 Qh3+ 55. Kd8 Qd3+ 56. Qd7 Qg6 57. f4 Qb6+ 58.
Qc7 Qd4+ 59. Ke8 Qe3+ 1-0

[Event "29. Cullera 2012 - Open A"]
[Site "Cullera ESP"]
[Date "2012.08.25"]
[Round "1.7"]
[White "Gimenez Menchon, Cesar"]
[Black "Garcia Ramos, Marcos"]
[Result "1/2-1/2"]
[WhiteElo "2029"]
[BlackElo "2177"]
[PlyCount "26"]
[EventDate "2012.08.25"]
[EventType "swiss"]
[EventRounds "9"]
[EventCountry "ESP"]
[Source "lmi"]
[SourceDate "2012.08.25"]

1. d4 Nf6 2. Nf3 e6 3. Bf4 c5 4. e3 b6 5. Nbd2 cxd4 6. Nxd4 Nc6 7. Nc4 Nxd4 8.
Qxd4 d5 9. Ne5 Bd7 10. Nxd7 Qxd7 11. a4 Bc5 12. Bb5 Bxd4 13. Bxd7+ Kxd7 1/2-1/2

[Event "29. Cullera 2012 - Open A"]
[Site "Cullera ESP"]
[Date "2012.08.25"]
[Round "1.8"]
[White "Pavia Miralles, Jose Manuel"]
[Black "Cano Cabanillas, Javier"]
[Result "1-0"]
[WhiteElo "2168"]
[BlackElo "2020"]
[PlyCount "49"]
[EventDate "2012.08.25"]
[EventType "swiss"]
[EventRounds "9"]
[EventCountry "ESP"]
[Source "lmi"]
[SourceDate "2012.08.25"]

1. d4 Nf6 2. Nf3 g6 3. g3 d5 4. c4 dxc4 5. Bg2 Bg7 6. Qa4+ Nfd7 7. O-O Nc6 8.
Qxc4 Nb6 9. Qc2 Nxd4 10. Nxd4 Qxd4 11. Qxc7 Be5 12. Qc2 Bf5 13. e4 Rc8 14. Nc3
Bg4 15. h3 Be6 16. Bh6 Qb4 17. Rac1 Nc4 18. Nd5 Bxd5 19. exd5 Nd6 20. Qe2 Qxb2
21. Rxc8+ Nxc8 22. Qxb2 Bxb2 23. Rb1 Bd4 24. Rxb7 Bb6 25. d6 1-0

[Event "29. Cullera 2012 - Open A"]
[Site "Cullera ESP"]
[Date "2012.08.25"]
[Round "1.9"]
[White "Sanchez Dengra, Jose Maria"]
[Black "Sos Andreu, Eric"]
[Result "1-0"]
[WhiteElo "2020"]
[BlackElo "2165"]
[PlyCount "81"]
[EventDate "2012.08.25"]
[EventType "swiss"]
[EventRounds "9"]
[EventCountry "ESP"]
[Source "lmi"]
[SourceDate "2012.08.25"]

1. e4 e6 2. d4 d5 3. Bd3 dxe4 4. Bxe4 Nf6 5. Bf3 c5 6. Ne2 Nc6 7. Be3 e5 8.
Bxc6+ bxc6 9. dxe5 Qxd1+ 10. Kxd1 Ng4 11. Re1 Bf5 12. Ng3 O-O-O+ 13. Kc1 Be6
14. Ne4 Rd5 15. f4 Nxe3 16. Rxe3 c4 17. b3 Rd4 18. Kb2 Rd1 19. bxc4 Bxc4 20.
Nbd2 Rxa1 21. Kxa1 Be6 22. c4 Bb4 23. Nd6+ Kc7 24. N2e4 g6 25. Rb3 Rb8 26. a3
Ba5 27. Rxb8 Kxb8 28. Ng5 Bd2 29. g3 h5 30. Ngxf7 Kc7 31. Ng5 Kd7 32. Kb2 Be3
33. Kc3 Bg1 34. Nf3 Bc5 35. a4 Bg4 36. Ne4 Be7 37. Nfg5 Bd1 38. a5 Bd8 39. Kb4
Ke7 40. c5 Bc7 41. Nd6 1-0

[Event "29. Cullera 2012 - Open A"]
[Site "Cullera ESP"]
[Date "2012.08.25"]
[Round "1.10"]
[White "Perez Calahorra, Ricardo"]
[Black "Morant Amezaga, Elies"]
[Result "1-0"]
[WhiteElo "2158"]
[BlackElo "2013"]
[PlyCount "91"]
[EventDate "2012.08.25"]
[EventType "swiss"]
[EventRounds "9"]
[EventCountry "ESP"]
[Source "lmi"]
[SourceDate "2012.08.25"]

1. e4 e5 2. Nf3 Nf6 3. Nxe5 d6 4. Nf3 Nxe4 5. d4 d5 6. Bd3 Be7 7. O-O Nc6 8. c4
Nf6 9. Nc3 O-O 10. Re1 Nb4 11. cxd5 Nbxd5 12. Qb3 c6 13. Bg5 Qd6 14. Nxd5 Nxd5
15. Bxe7 Nxe7 16. Ng5 Nd5 17. Bxh7+ Kh8 18. Re8 Be6 19. Rxa8 Rxa8 20. Bf5 Kg8
21. Bxe6 fxe6 22. Qh3 Nf6 23. Nxe6 Re8 24. Ng5 Qxd4 25. Qb3+ Qd5 26. Qxd5+ Nxd5
27. Kf1 Kf8 28. h4 Re5 29. g3 Nb4 30. a3 Nd3 31. b4 c5 32. bxc5 Nxc5 33. Rd1
Ke7 34. Rd4 Ne6 35. Rb4 Nc5 36. Nf3 Rd5 37. Rg4 Ne6 38. Rb4 b6 39. Ra4 a5 40.
Re4 Kf6 41. Ke2 Rb5 42. Rxe6+ Kxe6 43. Nd4+ Kd5 44. Nxb5 Kc4 45. Nd6+ Kb3 46.
a4 1-0

[Event "29. Cullera 2012 - Open A"]
[Site "Cullera ESP"]
[Date "2012.08.26"]
[Round "2.1"]
[White "Cabero Feliciano, Guillermo"]
[Black "Castella Garcia, Fausto"]
[Result "0-1"]
[WhiteElo "2134"]
[BlackElo "2329"]
[PlyCount "78"]
[EventDate "2012.08.25"]
[EventType "swiss"]
[EventRounds "9"]
[EventCountry "ESP"]
[Source "lmi"]
[SourceDate "2012.08.25"]

1. g3 c5 2. Bg2 g6 3. Nf3 Bg7 4. O-O Nc6 5. c3 d5 6. d4 cxd4 7. cxd4 Bg4 8. Nc3
Bxf3 9. Bxf3 e6 10. e3 Nge7 11. Rb1 Rc8 12. Bd2 O-O 13. Bg2 Nf5 14. b4 h5 15.
h3 Re8 16. Na4 b6 17. b5 Nce7 18. Nb2 Nd6 19. a4 Nef5 20. Qb3 Bh6 21. Rfd1 Qd7
22. Nd3 Nc4 23. Nf4 h4 24. g4 Nxd4 25. Qd3 Nxd2 26. Rxd2 Rc4 27. Nxg6 Qc7 28.
Nxh4 Qe7 29. Ng6 Qf6 30. exd4 Bxd2 31. Ne5 Rc1+ 32. Rxc1 Bxc1 33. Qc3 Bf4 34.
Nc6 Bd6 35. Nxa7 Ra8 36. Nc8 Bc5 37. Qc1 Bxd4 38. Qc6 Qxf2+ 39. Kh1 Qg1# 0-1

[Event "29. Cullera 2012 - Open A"]
[Site "Cullera ESP"]
[Date "2012.08.26"]
[Round "2.2"]
[White "Navarro Diaz, Carles"]
[Black "Torres Sanchez, Jose"]
[Result "1/2-1/2"]
[WhiteElo "2117"]
[BlackElo "2278"]
[PlyCount "131"]
[EventDate "2012.08.25"]
[EventType "swiss"]
[EventRounds "9"]
[EventCountry "ESP"]
[Source "lmi"]
[SourceDate "2012.08.25"]

1. Nf3 g6 2. c4 Bg7 3. Nc3 e5 4. d4 exd4 5. Nxd4 Nc6 6. Be3 Ne5 7. b3 Nf6 8. g3
Neg4 9. Bc1 Nxf2 10. Kxf2 Ng4+ 11. Kf3 d5 12. h3 Ne5+ 13. Kg2 dxc4 14. Ndb5 Bd7
15. Ba3 a6 16. Nd4 b6 17. Rc1 cxb3 18. Qxb3 c5 19. Nf3 Be6 20. Qa4+ b5 21. Nxb5
axb5 22. Qxb5+ Nd7 23. Bxc5 Ra5 24. Qc6 Qa8 25. Bb4 Qxc6 26. Rxc6 Ra8 27. a3
Bd5 28. Rc1 Bb2 29. Rc2 Bf6 30. e4 Be6 31. Bb5 Be7 32. Nd4 Bxb4 33. Nxe6 fxe6
34. axb4 Ke7 35. Rc7 Ra2+ 36. Kf3 Rd2 37. Ke3 Rd6 38. Ra1 Rb8 39. Rxd7+ Rxd7
40. Bxd7 Kxd7 41. Ra7+ Kd6 42. Rxh7 Ke5 43. Rh6 Kf6 44. e5+ Kf5 45. Rh4 Kxe5
46. Rg4 Kf5 47. Rc4 Ra8 48. Rc5+ Kf6 49. b5 Ra3+ 50. Kf4 Ra4+ 51. Kf3 Ra3+ 52.
Kf2 Ra2+ 53. Kf3 Ra3+ 54. Kf2 Ra2+ 55. Ke1 Ra3 56. b6 Rb3 57. Rc6 Rxg3 58. b7
Rb3 59. Rc7 e5 60. Ke2 Kf5 61. Kd2 g5 62. Ke2 Kf4 63. Rf7+ Ke4 64. Rg7 Kf4 65.
Rf7+ Ke4 66. Rg7 1/2-1/2

[Event "29. Cullera 2012 - Open A"]
[Site "Cullera ESP"]
[Date "2012.08.26"]
[Round "2.3"]
[White "Crecente Penalba, Jose Manuel"]
[Black "Montalban Galvez, Antoni"]
[Result "1/2-1/2"]
[WhiteElo "2107"]
[BlackElo "2204"]
[PlyCount "38"]
[EventDate "2012.08.25"]
[EventType "swiss"]
[EventRounds "9"]
[EventCountry "ESP"]
[Source "lmi"]
[SourceDate "2012.08.25"]

1. e4 c6 2. d4 d5 3. exd5 cxd5 4. Bd3 Nc6 5. c3 g6 6. Bf4 Bg7 7. Nf3 Nh6 8.
Nbd2 Bf5 9. Bxf5 Nxf5 10. O-O O-O 11. Re1 Re8 12. Ne5 f6 13. Nxc6 bxc6 14. Re6
Qc8 15. Qe2 Bf8 16. Rc1 Ng7 17. Re3 Nf5 18. Re6 Ng7 19. Re3 Nf5 1/2-1/2

[Event "29. Cullera 2012 - Open A"]
[Site "Cullera ESP"]
[Date "2012.08.26"]
[Round "2.4"]
[White "Machin Arbelo, Pedro Alexis"]
[Black "Pavia Miralles, Jose Manuel"]
[Result "0-1"]
[WhiteElo "2084"]
[BlackElo "2168"]
[PlyCount "90"]
[EventDate "2012.08.25"]
[EventType "swiss"]
[EventRounds "9"]
[EventCountry "ESP"]
[Source "lmi"]
[SourceDate "2012.08.25"]

1. e4 d6 2. d4 g6 3. Be2 c6 4. Be3 Bg7 5. Nc3 Nf6 6. Qd2 Ng4 7. Bg5 h6 8. Bf4
b5 9. h3 Nf6 10. e5 b4 11. exf6 bxc3 12. bxc3 exf6 13. Qe3+ Be6 14. Bf3 d5 15.
Ne2 Nd7 16. O-O Nb6 17. Nc1 Nc4 18. Qe1 O-O 19. Nb3 Re8 20. Qc1 g5 21. Bh2 f5
22. Be2 f4 23. Nc5 Bf5 24. Bd3 Nd6 25. Bxf5 Nxf5 26. Rb1 Nd6 27. Nb7 Nxb7 28.
Rxb7 Qa5 29. Qb2 Re2 30. g3 fxg3 31. Bxg3 Rae8 32. Rb8 Kh7 33. Rxe8 Rxe8 34.
Qb7 Kg6 35. Qxc6+ Re6 36. Qb7 Qxc3 37. Qxd5 Bxd4 38. Kg2 Kg7 39. Rd1 Bf6 40.
Qb3 Qc6+ 41. Kg1 Re2 42. c4 h5 43. a4 h4 44. Bb8 Rb2 45. Qd3 Rxb8 0-1

[Event "29. Cullera 2012 - Open A"]
[Site "Cullera ESP"]
[Date "2012.08.26"]
[Round "2.5"]
[White "Garcia Munoz, Raul"]
[Black "Perez Calahorra, Ricardo"]
[Result "1-0"]
[WhiteElo "2072"]
[BlackElo "2158"]
[PlyCount "83"]
[EventDate "2012.08.25"]
[EventType "swiss"]
[EventRounds "9"]
[EventCountry "ESP"]
[Source "lmi"]
[SourceDate "2012.08.25"]

1. d4 Nf6 2. c4 g6 3. Nc3 d5 4. Bf4 Bg7 5. e3 c5 6. dxc5 Qa5 7. Qb3 O-O 8. Qb5
Qxb5 9. cxb5 Be6 10. Nf3 Ne4 11. Nxe4 Bxb2 12. Rb1 Bf5 13. Rxb2 Bxe4 14. Nd2
Bf5 15. Bxb8 Raxb8 16. Be2 e5 17. Nb3 f6 18. O-O Kf7 19. h3 h5 20. Rd1 Be6 21.
Bf3 e4 22. Be2 Ke7 23. Nd4 Bf7 24. a4 Rfc8 25. Rc2 Be8 26. Rdc1 Rc7 27. c6 b6
28. a5 Kd6 29. Ra1 Bf7 30. axb6 axb6 31. Rca2 Be6 32. Nxe6 Kxe6 33. Ra7 Kd6 34.
Rxc7 Kxc7 35. Ra7+ Kd6 36. Rf7 Ke6 37. Rb7 Ra8 38. Rxb6 Ra1+ 39. Bf1 Kd6 40.
Rb7 Rb1 41. Rd7+ Ke6 42. Rd8 1-0

[Event "29. Cullera 2012 - Open A"]
[Site "Cullera ESP"]
[Date "2012.08.26"]
[Round "2.6"]
[White "Jordan Arenas, Manuel"]
[Black "Sanchez Dengra, Jose Maria"]
[Result "0-1"]
[WhiteElo "2151"]
[BlackElo "2020"]
[PlyCount "72"]
[EventDate "2012.08.25"]
[EventType "swiss"]
[EventRounds "9"]
[EventCountry "ESP"]
[Source "lmi"]
[SourceDate "2012.08.25"]

1. d4 Nf6 2. c4 e6 3. Nf3 Bb4+ 4. Nbd2 b6 5. a3 Bxd2+ 6. Bxd2 h6 7. g3 Bb7 8.
Bg2 O-O 9. O-O d6 10. b4 Nbd7 11. Bc3 Re8 12. Qb3 c5 13. Rfd1 Qc7 14. Rac1 Rac8
15. Ba1 Be4 16. Nd2 Bxg2 17. Kxg2 d5 18. dxc5 bxc5 19. Qb2 d4 20. Nf1 e5 21. f3
Rb8 22. Qd2 Qc6 23. e4 Qa4 24. b5 a6 25. Qc2 Qxc2+ 26. Rxc2 axb5 27. cxb5 Rxb5
28. Nd2 Nb6 29. Bb2 c4 30. Bc1 c3 31. Nf1 Nfd7 32. f4 f6 33. f5 Nc5 34. Kf3 Rb1
35. g4 Nba4 36. Rg2 Nb3 0-1

[Event "29. Cullera 2012 - Open A"]
[Site "Cullera ESP"]
[Date "2012.08.26"]
[Round "2.7"]
[White "Benlloch Guirao, Alvaro"]
[Black "Martinez Tormo, Jorge"]
[Result "0-1"]
[WhiteElo "1887"]
[BlackElo "2148"]
[PlyCount "74"]
[EventDate "2012.08.25"]
[EventType "swiss"]
[EventRounds "9"]
[EventCountry "ESP"]
[Source "lmi"]
[SourceDate "2012.08.25"]

1. Nf3 d5 2. d4 e6 3. c4 c6 4. e3 f5 5. Bd3 Nf6 6. O-O Bd6 7. b3 O-O 8. Ba3
Bxa3 9. Nxa3 Ne4 10. Qc1 b6 11. Ne5 Bb7 12. b4 Nd7 13. Nxd7 Qxd7 14. c5 a5 15.
f3 axb4 16. Nc2 Nc3 17. Nxb4 bxc5 18. Qxc3 cxb4 19. Qxb4 Ba6 20. Bxa6 Rxa6 21.
a4 Rfa8 22. Ra3 c5 23. Qxc5 Rxa4 24. Rxa4 Rxa4 25. Rb1 Rc4 26. Qb5 Qxb5 27.
Rxb5 f4 28. Rb3 Kf7 29. exf4 Rxd4 30. g3 Rd2 31. Re3 g6 32. Re5 Ke7 33. h4 Rc2
34. h5 d4 35. hxg6 hxg6 36. Re4 d3 37. Kf1 Rc1+ 0-1

[Event "29. Cullera 2012 - Open A"]
[Site "Cullera ESP"]
[Date "2012.08.26"]
[Round "2.8"]
[White "Diaz Velandia, Jose Manuel"]
[Black "Fernandez Madrid, Carlos"]
[Result "1/2-1/2"]
[WhiteElo "2251"]
[BlackElo "2134"]
[PlyCount "78"]
[EventDate "2012.08.25"]
[EventType "swiss"]
[EventRounds "9"]
[EventCountry "ESP"]
[Source "lmi"]
[SourceDate "2012.08.25"]

1. d4 g6 2. Nf3 Bg7 3. g3 d6 4. Bg2 Nd7 5. O-O e5 6. dxe5 dxe5 7. Nbd2 Qe7 8.
e4 Ngf6 9. Qe2 a5 10. Rd1 O-O 11. a4 b6 12. b3 Ba6 13. Qe3 Rfe8 14. Ba3 Qe6 15.
Qc3 h6 16. Qxc7 Rac8 17. Qd6 Rxc2 18. Qxe6 Rxe6 19. Bh3 Re8 20. Nc4 Bxc4 21.
bxc4 Nc5 22. Bxc5 bxc5 23. Nd2 Rd8 24. Nb3 Rxd1+ 25. Rxd1 Rxc4 26. Nxa5 Rxa4
27. Nb7 Bf8 28. Bg2 Nxe4 29. Bxe4 Rxe4 30. Rc1 c4 31. Na5 Bb4 32. Nxc4 Kg7 33.
Kg2 Kf6 34. Ne3 Be7 35. Rc6+ Kg7 36. Nc4 Bb4 37. Ne3 Be7 38. Nc4 Bb4 39. Ne3
Be7 1/2-1/2

[Event "29. Cullera 2012 - Open A"]
[Site "Cullera ESP"]
[Date "2012.08.26"]
[Round "2.9"]
[White "Pena Riasco, Alexander"]
[Black "Rubio Tent, Francisco"]
[Result "1-0"]
[WhiteElo "2237"]
[BlackElo "2104"]
[PlyCount "63"]
[EventDate "2012.08.25"]
[EventType "swiss"]
[EventRounds "9"]
[EventCountry "ESP"]
[Source "lmi"]
[SourceDate "2012.08.25"]

1. e4 c6 2. d4 d5 3. Nd2 dxe4 4. Nxe4 Bf5 5. Ng3 Bg6 6. h4 h6 7. h5 Bh7 8. Nf3
Nd7 9. Bd3 Bxd3 10. Qxd3 e6 11. Bd2 Ngf6 12. O-O-O Be7 13. Kb1 O-O 14. Ne4 Qc7
15. Rdg1 c5 16. g4 cxd4 17. g5 Nxe4 18. Qxe4 hxg5 19. Nxg5 Nf6 20. Qg2 Rfc8 21.
Nxe6 Qxc2+ 22. Ka1 g6 23. hxg6 Qxd2 24. gxf7+ Kxf7 25. Ng5+ Ke8 26. Qxb7 Nd7
27. Rh8+ Bf8 28. Qe4+ Ne5 29. Qxe5+ Kd7 30. Qe6+ Kc7 31. Rh7+ Kb8 32. Qe5+ 1-0

[Event "29. Cullera 2012 - Open A"]
[Site "Cullera ESP"]
[Date "2012.08.26"]
[Round "2.11"]
[White "Garcia Ramos, Marcos"]
[Black "Martin, Axel"]
[Result "1-0"]
[WhiteElo "2177"]
[BlackElo "2065"]
[PlyCount "63"]
[EventDate "2012.08.25"]
[EventType "swiss"]
[EventRounds "9"]
[EventCountry "ESP"]
[Source "lmi"]
[SourceDate "2012.08.25"]

1. e4 e5 2. Nf3 Nc6 3. d4 exd4 4. Nxd4 Bc5 5. Be3 Qf6 6. c3 Nge7 7. Bc4 b6 8.
O-O O-O 9. Qd2 Ne5 10. Be2 d5 11. f4 Ng4 12. Bxg4 Bxg4 13. e5 Qg6 14. Qf2 Bxd4
15. cxd4 Bf5 16. Nc3 Rac8 17. Rac1 a6 18. Rfe1 Rfd8 19. Ne2 Bd3 20. Ng3 h5 21.
Rc3 h4 22. Nf1 Be4 23. Nd2 h3 24. g3 Bg2 25. Rec1 c6 26. Nf3 Nf5 27. Ng5 c5 28.
g4 Nh6 29. f5 Qc6 30. Qh4 c4 31. Nxh3 Bxh3 32. Bxh6 1-0

[Event "29. Cullera 2012 - Open A"]
[Site "Cullera ESP"]
[Date "2012.08.26"]
[Round "3.1"]
[White "Castella Garcia, Fausto"]
[Black "Garcia Munoz, Raul"]
[Result "1-0"]
[WhiteElo "2329"]
[BlackElo "2072"]
[PlyCount "53"]
[EventDate "2012.08.25"]
[EventType "swiss"]
[EventRounds "9"]
[EventCountry "ESP"]
[Source "lmi"]
[SourceDate "2012.08.25"]

1. e4 e6 2. d4 d5 3. Nc3 Bb4 4. exd5 exd5 5. Bd3 Nc6 6. a3 Bxc3+ 7. bxc3 Nge7
8. Qh5 Be6 9. Rb1 b6 10. Nh3 Bxh3 11. Qxh3 Qd7 12. Qh5 Qe6+ 13. Be3 O-O-O 14.
O-O g6 15. Qf3 f5 16. Rfe1 Qf7 17. Ba6+ Kb8 18. Bf4 Na5 19. Bg5 Rde8 20. Bxe7
Rxe7 21. Rxe7 Qxe7 22. Qxd5 Qxa3 23. h3 Re8 24. Qf3 Qa2 25. Rb5 Re4 26. Re5 Nc6
27. Qxe4 1-0

[Event "29. Cullera 2012 - Open A"]
[Site "Cullera ESP"]
[Date "2012.08.26"]
[Round "3.2"]
[White "Martinez Tormo, Jorge"]
[Black "Sanchez Dengra, Jose Maria"]
[Result "1-0"]
[WhiteElo "2148"]
[BlackElo "2020"]
[PlyCount "103"]
[EventDate "2012.08.25"]
[EventType "swiss"]
[EventRounds "9"]
[EventCountry "ESP"]
[Source "lmi"]
[SourceDate "2012.08.25"]

1. e4 c5 2. Nc3 Nc6 3. g3 g6 4. Bg2 Bg7 5. Nge2 d6 6. d3 Nf6 7. O-O O-O 8. h3
Rb8 9. Be3 h6 10. Qd2 Kh7 11. f4 Nd7 12. g4 Nd4 13. Ng3 b5 14. Nd1 b4 15. c3
bxc3 16. bxc3 Qa5 17. cxd4 Qxd2 18. Bxd2 Bxd4+ 19. Nf2 Rb2 20. Rad1 Ba6 21. Bc1
Rxa2 22. Bf3 Rb8 23. Ne2 Bxf2+ 24. Rxf2 Rb3 25. Bd2 Raa3 26. Nc1 Rb1 27. Be3
Bxd3 28. Rfd2 Bc4 29. Kf2 Raa1 30. Nd3 Rxd1 31. Bxd1 Bxd3 32. Rxd3 c4 33. Rd4
c3 34. Be2 Nb6 35. Rd1 Ra2 36. Rc1 Na4 37. Bd4 c2 38. Bd3 e5 39. fxe5 dxe5 40.
Bxe5 Nc5 41. Ke2 Ra3 42. Bxc2 Rxh3 43. Bb1 Nd7 44. Bd4 Rh2+ 45. Kf3 Rd2 46. Ke3
Rg2 47. Rc8 f6 48. Rc7 Rxg4 49. Rxd7+ Kg8 50. Ba2+ Kf8 51. Bxf6 h5 52. Rd8# 1-0

[Event "29. Cullera 2012 - Open A"]
[Site "Cullera ESP"]
[Date "2012.08.26"]
[Round "3.3"]
[White "Torres Sanchez, Jose"]
[Black "Garcia Ramos, Marcos"]
[Result "1-0"]
[WhiteElo "2278"]
[BlackElo "2177"]
[PlyCount "127"]
[EventDate "2012.08.25"]
[EventType "swiss"]
[EventRounds "9"]
[EventCountry "ESP"]
[Source "lmi"]
[SourceDate "2012.08.25"]

1. d4 Nf6 2. c4 e6 3. Nf3 Bb4+ 4. Nbd2 b6 5. g3 Bb7 6. Bg2 O-O 7. O-O Bxd2 8.
Qxd2 Be4 9. b3 d6 10. Bb2 Nbd7 11. Bh3 Bxf3 12. exf3 a6 13. Bg2 b5 14. f4 Rb8
15. d5 bxc4 16. dxe6 fxe6 17. Qe2 cxb3 18. axb3 Nc5 19. b4 Rxb4 20. Ba3 Rb5 21.
Bxc5 Rxc5 22. Qxe6+ Kh8 23. Rxa6 Re8 24. Qa2 d5 25. Rd1 Qe7 26. Bf3 Rd8 27. Qa3
Qf8 28. Kg2 Rb5 29. Qxf8+ Rxf8 30. Rc6 Rf7 31. Ra1 Rb8 32. Rac1 Rb7 33. g4 Rd7
34. g5 Ne8 35. Rd1 Rb6 36. Re1 Rb8 37. Rce6 Rdd8 38. Bxd5 c5 39. Bc6 Nd6 40.
Rd1 Nf5 41. Rxd8+ Rxd8 42. Re5 Nd4 43. Bd5 g6 44. Bc4 Rf8 45. Rxc5 h6 46. Kg3
Nf5+ 47. Kg4 h5+ 48. Kf3 Nh4+ 49. Ke4 Rb8 50. Be6 Rb2 51. Ke3 Ng2+ 52. Kf3 Ne1+
53. Kg3 h4+ 54. Kxh4 Rxf2 55. Rc8+ Kg7 56. Rc7+ Kh8 57. Kg3 Rg2+ 58. Kh3 Rg1
59. Bc4 Nf3 60. Bd3 Nxg5+ 61. fxg5 Rxg5 62. Bc2 Ra5 63. Kg4 g5 64. Kh5 1-0